000 00598nam a22001817a 4500
005 20251108165404.0
008 250721s1993 xx 000 0 ara d
082 1 4 _aم/922.173/شاف
100 1 _aالرازي، فخر الدين أبو عبد الله محمد بن عمر بن ..
245 1 0 _aمناقب الإمام الشافعي /
264 1 _aبيروت :
_bدار الجيل،
_c1993.
300 _a470ص
650 1 7 _aالمذاهب الإسلامية
650 1 7 _aالتراجم
700 1 _aالسقا، أحمد حجازي
_eتحقيق
942 _2ddc
_cREF
999 _c26725
_d26725